000 01102nam a2200349 a 4500
003 AR-BaBNM
005 20251128204421.0
008 082120s2002 ||||||||||||||000 | spa||
040 _cAR-BaBNM
100 1 _aOrden Hoz, Arturo de la
245 0 0 _aLa evaluación educativa
_bconcepto, características, funciones
260 _aBuenos Aires
_bDocencia
_bProyecto Cinae
_c1982
300 _a90 p.
_bil.
490 0 _aInteracción educativa
_vv. 34
500 _aContiene referencias bibliográficas
500 _aCINAE:CENTRO DE INVESTIGACION Y ACCION EDUCATIVA
650 4 _aOBJETIVOS EDUCACIONALES
650 4 _aEVALUACION DEL ALUMNO
650 4 _aOBJETIVOS COGNOSCITIVOS
650 4 _aRENDIMIENTO DEL ALUMNO
650 4 _aEVALUACION DEL PROGRAMA
650 4 _aMETODOS DE EVALUACION
650 4 _aTECNICAS DE EVALUACION
650 4 _aCALIDAD DE LA EDUCACION
650 4 _aENSEÑANZA CORRECTIVA
650 4 _aPROMOCION DEL ALUMNO
650 4 _aPROCESO DE APRENDIZAJE
650 4 _aCRITERIOS DE EVALUACION
653 _aESTRATEGIAS DIDACTICAS
942 _cBK
998 _cCarmen
999 _c7363
_d7363